Vista normal Vista MARC

Entrada Topical Term

Número de registros utilizados en: 1

001 - CONTROL NUMBER

  • control field: 38586

003 - CONTROL NUMBER IDENTIFIER

  • control field: OSt

005 - DATE AND TIME OF LATEST TRANSACTION

  • control field: 20210721083526.0

008 - FIXED-LENGTH DATA ELEMENTS

  • fixed length control field: 210721|| aca||aabn | a|a d

040 ## - CATALOGING SOURCE

  • Original cataloging agency: OSt
  • Transcribing agency: OSt

150 ## - HEADING--TOPICAL TERM

  • Topical term or geographic name entry element: Cuentos latinoamericanos
  • Form subdivision: Colecciones
  • Chronological subdivision: Siglo XX

670 ## - SOURCE DATA FOUND

  • Source citation: Work cat.: (OSt): Bioy Casares, Adolfo, autor 38585, Cuentos latinoamericanos I / , 2006